| 000 | 00426nam a22001577a 4500 | ||
|---|---|---|---|
| 003 | OSt | ||
| 020 | _a0596003064 | ||
| 040 | _c0 | ||
| 082 |
_222 _a005.7565 |
||
| 100 | _aZawodny, Jeremy D and Balling, Derek J. | ||
| 245 |
_aHigh performance MySQL : _boptimization, backups, replication and load balancing / |
||
| 260 |
_aUSA, _bO'Reilly, _cc2004. |
||
| 300 |
_axvi, 276 p. ; _bill. ; |
||
| 942 |
_2ddc _cIT |
||
| 999 |
_c4126 _d4126 |
||
| 999 |
_c4375 _d4375 |
||